[Event "Santa Eugenia op 14th"]
[Site "Girona"]
[Date "2019.07.31"]
[Round "6"]
[White "Barea Garcia, Lluis"]
[Black "Compte Auge, Lluis"]
[Result "1-0"]
[WhiteElo "1507"]
[BlackElo "1148"]
[PlyCount "93"]
[EventDate "2019.07.29"]
[EventType "swiss"]
[EventRounds "9"]
[EventCountry "ESP"]
[SourceTitle "EXT 2020"]
[Source "ChessBase"]
[SourceDate "2019.10.17"]
[SourceVersion "1"]
[SourceVersionDate "2019.10.17"]
[SourceQuality "1"]

1. d4 d5 2. c4 e6 3. Nc3 Be7 4. Bf4 Nf6 5. e3 0-0 6. Bd3 c5 7. Nf3 Nc6 8. cxd5 exd5 9. h3 h6 10. 0-0 Re8 11. Rc1 Bd6 12. Bxd6 Qxd6 13. dxc5 Qxc5 14. Nb5 Qe7 15. a3 a6 16. Nbd4 Ne5 17. Nxe5 Qxe5 18. Qc2 Bd7 19. Qc7 Qxc7 20. Rxc7 b5 21. Rfc1 Rac8 22. Nb3 Be6 23. Rxc8 Rxc8 24. Rxc8+ Bxc8 25. Nc5 Kf8 26. Kf1 Ke7 27. Ke2 Kd6 28. b4 Nd7 29. Nxd7 Bxd7 30. h4 g6 31. g3 Bf5 32. Bxf5 gxf5 33. Kd3 Kc6 34. Kd4 Kd6 35. h5 f6 36. f3 Kc6 37. e4 dxe4 38. fxe4 fxe4 39. Kxe4 Kd6 40. Kf5 Ke7 41. Kg6 Ke6 42. g4 Ke7 43. Kxh6 Kf7 44. Kh7 f5 45. gxf5 Kf8 46. Kg6 Kg8 47. h6 1-0

[Event "Santa Eugenia op 14th"]
[Site "Girona"]
[Date "2019.07.30"]
[Round "3"]
[White "Barea Garcia, Lluis"]
[Black "Moles Benali, Joan"]
[Result "0-1"]
[WhiteElo "1507"]
[BlackElo "1731"]
[PlyCount "59"]
[EventDate "2019.07.29"]
[EventType "swiss"]
[EventRounds "9"]
[EventCountry "ESP"]
[SourceTitle "EXT 2020"]
[Source "ChessBase"]
[SourceDate "2019.10.17"]
[SourceVersion "1"]
[SourceVersionDate "2019.10.17"]
[SourceQuality "1"]

1. d4 d5 2. c4 Nf6 3. cxd5 Nxd5 4. Nc3 Nxc3 5. bxc3 c5 6. Nf3 Bf5 7. e3 a6 8. Qa4+ Nd7 9. Be2 e6 10. 0-0 b5 11. Qd1 Be7 12. a4 c4 13. axb5 axb5 14. Bb2 0-0 15. Nd2 Nf6 16. Bf3 Rxa1 17. Qxa1 Bd3 18. Re1 Qb6 19. Ba3 Bxa3 20. Qxa3 h6 21. Ra1 Rb8 22. Qb2 b4 23. Qc1 bxc3 24. Qxc3 Qb2 25. Rc1 Qxc3 26. Rxc3 Rb2 27. Rxd3 cxd3 28. Nf1 Rb1 29. e4 d2 30. e5 0-1

[Event "Santa Eugenia op 13th"]
[Site "Santa Eugenia"]
[Date "2018.07.31"]
[Round "4"]
[White "Urbano Cabrera, Moises"]
[Black "Barea Garcia, Lluis"]
[Result "1/2-1/2"]
[WhiteElo "1731"]
[BlackElo "1596"]
[PlyCount "87"]
[EventDate "2018.07.30"]
[EventType "swiss"]
[EventRounds "9"]
[EventCountry "ESP"]
[SourceTitle "CBM 185 Extra"]
[Source "ChessBase"]
[SourceDate "2018.07.29"]
[SourceVersion "1"]
[SourceVersionDate "2018.07.29"]
[SourceQuality "1"]

1. Nf3 d5 2. c4 e6 3. g3 Nf6 4. Bg2 c6 5. b3 Be7 6. Bb2 0-0 7. 0-0 Nbd7 8. d3 Re8 9. Nbd2 Qc7 10. cxd5 exd5 11. Rc1 Qd8 12. Re1 Bd6 13. Qc2 Ne5 14. Nxe5 Bxe5 15. d4 Bd6 16. e4 dxe4 17. Nxe4 Nxe4 18. Bxe4 h6 19. Rcd1 Bh3 20. d5 c5 21. Bc3 b6 22. Qb2 f6 23. Bg6 Rxe1+ 24. Rxe1 Bf8 25. Qd2 Qd7 26. Qd3 Rd8 27. Rd1 Bd6 28. Re1 Bf8 29. Rd1 Bd6 30. Qe4 Qg4 31. Qd3 Qc8 32. Re1 Bf8 33. Bh7+ Kh8 34. Bg6 Qd7 35. Rd1 Qd6 36. f4 Bd7 37. Re1 Bc8 38. Re8 Rxe8 39. Bxe8 Qe7 40. Bg6 Bd7 41. Be4 Be8 42. Bd2 Bd7 43. f5 Qe5 44. Bc3 1/2-1/2

[Event "Palafrugell Gelpi Memorial 28th"]
[Site "Palafrugell"]
[Date "2015.??.??"]
[Round "6"]
[White "Barea Garcia, Lluis"]
[Black "Alarcon Pages, Salvador"]
[Result "1/2-1/2"]
[WhiteElo "1858"]
[BlackElo "1948"]
[PlyCount "70"]
[EventDate "2015.09.26"]
[EventType "swiss"]
[EventRounds "9"]
[EventCountry "ESP"]
[SourceTitle "EXT 2017"]
[Source "ChessBase"]
[SourceDate "2016.10.25"]
[SourceVersion "1"]
[SourceVersionDate "2016.10.25"]
[SourceQuality "1"]

1. d4 d5 2. Nf3 Nf6 3. Bf4 e6 4. e3 Bd6 5. Ne5 Nc6 6. Bb5 Bd7 7. Nxc6 bxc6 8. Bxd6 cxd6 9. Bd3 Qb6 10. b3 c5 11. c3 e5 12. dxc5 dxc5 13. 0-0 e4 14. Be2 0-0 15. Nd2 Be6 16. Qc2 Qc7 17. c4 dxc4 18. Bxc4 Bf5 19. Be2 Bg6 20. Rac1 Rfd8 21. Rfd1 Qa5 22. Nc4 Qc7 23. Rxd8+ Rxd8 24. Qc3 Nd5 25. Qa5 Qxa5 26. Nxa5 Nb4 27. Rxc5 Nxa2 28. Nc6 Rd2 29. Nxa7 h5 30. Kf1 Rb2 31. Bd1 Nb4 32. Nc6 Nd3 33. Rc2 Rb1 34. Ke2 Nc1+ 35. Ke1 Nd3+ 1/2-1/2

[Event "Palafrugell Gelpi Memorial 28th"]
[Site "Palafrugell"]
[Date "2015.??.??"]
[Round "4"]
[White "Barea Garcia, Lluis"]
[Black "Cano Martinez, Felix"]
[Result "1-0"]
[WhiteElo "1858"]
[BlackElo "1794"]
[PlyCount "149"]
[EventDate "2015.09.26"]
[EventType "swiss"]
[EventRounds "9"]
[EventCountry "ESP"]
[SourceTitle "EXT 2017"]
[Source "ChessBase"]
[SourceDate "2016.10.25"]
[SourceVersion "1"]
[SourceVersionDate "2016.10.25"]
[SourceQuality "1"]

1. d4 d5 2. Nf3 Nf6 3. c4 c6 4. Nc3 Bg4 5. e3 e6 6. Be2 Bxf3 7. gxf3 g6 8. Qb3 Qc7 9. Bd2 Nbd7 10. cxd5 exd5 11. Rc1 Bg7 12. Nb5 Qb8 13. Na3 0-0 14. h4 a6 15. Nb1 Rc8 16. a4 b5 17. a5 Qd6 18. Bb4 Qe6 19. Nd2 Ne8 20. f4 f5 21. Nf3 h6 22. h5 Kh7 23. hxg6+ Qxg6 24. Nh4 Qe6 25. Kd2 Nef6 26. Bf3 Ne4+ 27. Bxe4 Qxe4 28. Rcg1 Bf6 29. f3 Qe6 30. Ng6 Re8 31. Ne5 Nxe5 32. fxe5 Be7 33. Bxe7 Rxe7 34. Qc2 Rc8 35. b4 Rg7 36. Rxg7+ Kxg7 37. Rh5 Rf8 38. f4 Qg6 39. Rh2 Qg3 40. Kd3 Qf3 41. Qxc6 Qd1+ 42. Rd2 Qb1+ 43. Ke2 Qe4 44. Qxa6 Qg2+ 45. Kd1 Qf1+ 46. Kc2 Qc4+ 47. Kb1 Qxb4+ 48. Rb2 Qe1+ 49. Ka2 b4 50. Qb7+ Rf7 51. Qxb4 Qxe3 52. Rg2+ Kh7 53. Qb8 Rg7 54. Rxg7+ Kxg7 55. Qc7+ Kg6 56. Qc6+ Kg7 57. Qd7+ Kg6 58. Qe6+ Kg7 59. Qf6+ Kh7 60. Qf7+ Kh8 61. Qf6+ Kh7 62. e6 Qd2+ 63. Kb1 Qb4+ 64. Kc2 Qc4+ 65. Kd2 Qa2+ 66. Ke3 Qb3+ 67. Kf2 Qc2+ 68. Kg3 Qd3+ 69. Kh4 Qe4 70. Qf7+ Kh8 71. Kh5 Qh1+ 72. Kg6 Qg2+ 73. Kxf5 Qc2+ 74. Kf6 Qg2 75. e7 1-0

[Event "Palafrugell Gelpi Memorial 28th"]
[Site "Palafrugell"]
[Date "2015.??.??"]
[Round "1"]
[White "Barea Garcia, Lluis"]
[Black "Vidal Zamora, Alex"]
[Result "0-1"]
[WhiteElo "1858"]
[BlackElo "2422"]
[PlyCount "90"]
[EventDate "2015.09.26"]
[EventType "swiss"]
[EventRounds "9"]
[EventCountry "ESP"]
[SourceTitle "EXT 2017"]
[Source "ChessBase"]
[SourceDate "2016.10.25"]
[SourceVersion "1"]
[SourceVersionDate "2016.10.25"]
[SourceQuality "1"]

1. d4 Nf6 2. Nf3 e6 3. Bf4 c5 4. e3 Qb6 5. b3 Nc6 6. Nbd2 cxd4 7. exd4 Nxd4 8. Nxd4 Qxd4 9. Be3 Qe5 10. Be2 Nd5 11. Nc4 Bb4+ 12. Bd2 Bxd2+ 13. Nxd2 Nf4 14. Nc4 Qc3+ 15. Kf1 Nxe2 16. Kxe2 d5 17. Nd6+ Ke7 18. Nxc8+ Raxc8 19. Rc1 Rc5 20. Qd3 Qxd3+ 21. Kxd3 Rhc8 22. c3 h5 23. f4 a5 24. Rc2 b5 25. Rhc1 Kd6 26. Kd4 f6 27. Kd3 Ke7 28. Kd4 Kd6 29. Kd3 R8c7 30. g3 Rc8 31. Kd4 R5c7 32. Re1 e5+ 33. fxe5+ fxe5+ 34. Kd3 Rf8 35. Ke3 d4+ 36. Ke4 Rxc3 37. Rxc3 dxc3 38. a3 Rf2 39. Kd3 c2 40. h4 Kd5 41. Kc3 e4 42. Rc1 b4+ 43. axb4 axb4+ 44. Kxb4 Kd4 45. Ka3 Kc3 0-1

[Event "Santa Eugenia op 9th"]
[Site "Santa Eugenia"]
[Date "2014.05.16"]
[Round "4"]
[White "Diaz Munoz, Sergi"]
[Black "Barea Garcia, Lluis"]
[Result "1-0"]
[WhiteElo "2148"]
[BlackElo "1850"]
[PlyCount "47"]
[EventDate "2014.04.25"]
[EventType "swiss"]
[EventRounds "9"]
[EventCountry "ESP"]
[SourceTitle "EXT 2015"]
[Source "ChessBase"]
[SourceDate "2014.11.20"]
[SourceVersion "1"]
[SourceVersionDate "2014.11.20"]
[SourceQuality "1"]

1. e4 e6 2. d4 d5 3. Nc3 dxe4 4. Nxe4 Nd7 5. Nf3 Ngf6 6. Nxf6+ Nxf6 7. Bd3 h6 8. 0-0 Bd6 9. c4 c5 10. dxc5 Bxc5 11. b4 Be7 12. Bb2 0-0 13. Qe2 b6 14. Rad1 Bb7 15. b5 Qc8 16. Ne5 Re8 17. Ng4 Nxg4 18. Qxg4 e5 19. Qe4 f5 20. Qxe5 Bf6 21. Qe2 Bxb2 22. Qxb2 Qc5 23. Rfe1 Rac8 24. Bf1 1-0

[Event "Palafrugell Gelpi Memorial 27th"]
[Site "Palafrugell"]
[Date "2012.10.20"]
[Round "5"]
[White "Barea Garcia, Lluis"]
[Black "Borras Carbonell, Adria"]
[Result "1/2-1/2"]
[WhiteElo "1690"]
[BlackElo "1851"]
[PlyCount "60"]
[EventDate "2012.09.22"]
[EventType "swiss"]
[EventRounds "9"]
[EventCountry "ESP"]
[SourceTitle "EXT 2014"]
[Source "ChessBase"]
[SourceDate "2013.11.20"]
[SourceVersion "1"]
[SourceVersionDate "2013.11.20"]
[SourceQuality "1"]

1. d4 d5 2. c4 dxc4 3. Nf3 Nf6 4. e3 Nc6 5. Bxc4 Bg4 6. Nbd2 h6 7. Bd3 e5 8. Qa4 exd4 9. Nxd4 Bd7 10. 0-0 Bc5 11. Nxc6 Bxc6 12. Bb5 Qd7 13. Bxc6 Qxc6 14. Qxc6+ bxc6 15. Nc4 Rd8 16. a3 0-0 17. Na5 Rd6 18. Nb7 Rd5 19. Nxc5 Rxc5 20. Bd2 Rd8 21. Bc3 Ne4 22. Bd4 Rc2 23. Rac1 Rxc1 24. Rxc1 c5 25. Be5 c6 26. f3 Re8 27. fxe4 Rxe5 28. Rc4 Kf8 29. b4 cxb4 30. axb4 Rb5 1/2-1/2

[Event "Palafrugell Gelpi Memorial 27th"]
[Site "Palafrugell"]
[Date "2012.10.13"]
[Round "4"]
[White "Carraminana Puig, Jordi"]
[Black "Barea Garcia, Lluis"]
[Result "1/2-1/2"]
[WhiteElo "1794"]
[BlackElo "1690"]
[PlyCount "65"]
[EventDate "2012.09.22"]
[EventType "swiss"]
[EventRounds "9"]
[EventCountry "ESP"]
[SourceTitle "EXT 2014"]
[Source "ChessBase"]
[SourceDate "2013.11.20"]
[SourceVersion "1"]
[SourceVersionDate "2013.11.20"]
[SourceQuality "1"]

1. d4 d5 2. c4 e6 3. Nf3 Nf6 4. Bg5 Bb4+ 5. Nc3 c5 6. e3 0-0 7. a3 cxd4 8. axb4 dxc3 9. bxc3 Qc7 10. Bxf6 gxf6 11. c5 Bd7 12. Be2 Nc6 13. 0-0 a6 14. Qd2 Ne5 15. Rfd1 Bc6 16. Qd4 Kh8 17. Qf4 Nxf3+ 18. Qxf3 Qe5 19. Rd4 f5 20. Qh5 Qf6 21. Rh4 Qg6 22. Qxg6 fxg6 23. Rd4 e5 24. Rd2 Kg7 25. c4 dxc4 26. Bxc4 Rfd8 27. Rad1 Rxd2 28. Rxd2 Rc8 29. f3 Rc7 30. Rd6 Rd7 31. Rxd7+ Bxd7 32. Bd5 Bc6 33. e4 1/2-1/2

[Event "Girona-ch"]
[Site "Girona"]
[Date "2012.02.10"]
[Round "5"]
[White "Volkov, Vladimir"]
[Black "Barea Garcia, Lluis"]
[Result "1/2-1/2"]
[WhiteElo "1773"]
[BlackElo "1705"]
[PlyCount "83"]
[EventDate "2012.01.13"]
[EventType "swiss"]
[EventRounds "9"]
[EventCountry "ESP"]
[SourceTitle "EXT 2013"]
[Source "ChessBase"]
[SourceDate "2012.11.22"]
[SourceVersion "1"]
[SourceVersionDate "2012.11.22"]
[SourceQuality "1"]

1. d4 d5 2. c4 e6 3. Nc3 Nf6 4. cxd5 exd5 5. Bg5 Be7 6. e3 c6 7. Qc2 Bg4 8. Bd3 Nbd7 9. h3 Bh5 10. g4 Bg6 11. Bxg6 fxg6 12. 0-0-0 a5 13. Nf3 0-0 14. Kb1 Ne4 15. Nxe4 Rxf3 16. Bxe7 Qxe7 17. Ng3 a4 18. a3 Qf6 19. Rh2 Qh4 20. Rg1 Nb6 21. Qc5 Nc4 22. Qb4 b5 23. Qe1 Raf8 24. Qe2 Nxe3 25. Nf5 R3xf5 26. gxf5 Nxf5 27. Qe6+ Kh8 28. Rg4 Qf6 29. Qxf6 gxf6 30. Kc2 Re8 31. Kd2 Nd6 32. f3 Kg7 33. h4 Nc4+ 34. Kc3 f5 35. Rg3 h5 36. Rhg2 Re6 37. Kb4 Kf7 38. Kc5 Na5 39. Kb4 Nb3 40. Kc3 Re3+ 41. Kb4 Re6 42. Kc3 1/2-1/2

[Event "Girona-ch"]
[Site "Girona"]
[Date "2012.01.20"]
[Round "2"]
[White "Barea Garcia, Lluis"]
[Black "Alejo Alvarez, Ricardo"]
[Result "0-1"]
[WhiteElo "1705"]
[BlackElo "1974"]
[PlyCount "61"]
[EventDate "2012.01.13"]
[EventType "swiss"]
[EventRounds "9"]
[EventCountry "ESP"]
[SourceTitle "EXT 2013"]
[Source "ChessBase"]
[SourceDate "2012.11.22"]
[SourceVersion "1"]
[SourceVersionDate "2012.11.22"]
[SourceQuality "1"]

1. d4 e6 2. Nf3 b6 3. e3 Bb7 4. Be2 Nf6 5. Nbd2 Be7 6. 0-0 0-0 7. b3 Nd5 8. Bb2 Bb4 9. Nb1 Nf6 10. c3 Be7 11. Nbd2 d5 12. c4 dxc4 13. Bxc4 c5 14. dxc5 Bxc5 15. Qe2 Nc6 16. a3 Bd6 17. Rfd1 Qe7 18. Rac1 Bxa3 19. Bxf6 Qxf6 20. Ra1 Bb4 21. Ne4 Qe7 22. Rd3 Na5 23. Ned2 a6 24. Rd4 Bc3 25. Rc1 Bxd4 26. exd4 Rfc8 27. Rc2 b5 28. Bd3 Rxc2 29. Bxc2 Rc8 30. Qd3 g6 31. Ne5 0-1

[Event "Vilanova op 37th"]
[Site "Salt"]
[Date "2011.04.29"]
[Round "1.8"]
[White "Huici Bentue, David"]
[Black "Barea Garcia, Lluis"]
[Result "1-0"]
[WhiteElo "2076"]
[BlackElo "1703"]
[PlyCount "109"]
[EventDate "2011.04.29"]
[EventType "swiss"]
[EventRounds "9"]
[EventCountry "ESP"]
[SourceTitle "EXT 2024"]
[Source "ChessBase"]
[SourceDate "2023.10.10"]
[SourceVersion "1"]
[SourceVersionDate "2023.10.10"]
[SourceQuality "1"]

1. e4 e6 2. d4 d5 3. Nd2 Nf6 4. e5 Nfd7 5. Bd3 c5 6. c3 cxd4 7. cxd4 Nc6 8. Ne2 Be7 9. 0-0 Nf8 10. Kh1 Ng6 11. f4 0-0 12. Nf3 f5 13. exf6 Rxf6 14. Ng5 h6 15. Nh3 Bd7 16. Ng3 Nh4 17. Qh5 Nf5 18. Bd2 Nxg3+ 19. hxg3 Nxd4 20. g4 Be8 21. Qe5 Nc6 22. Qe1 Bg6 23. Rf3 Bxd3 24. Rxd3 Qd7 25. g5 hxg5 26. fxg5 Rf5 27. Qh4 Qe8 28. Rg3 g6 29. Nf4 Qf7 30. Rh3 Kf8 31. Qh8+ Qg8 32. Nxg6+ Kf7 33. Qxg8+ Rxg8 34. Nxe7 Nxe7 35. g4 Rf2 36. Be3 Rxb2 37. Rh7+ Ke8 38. Bd4 Rb4 39. Bc5 Rxg4 40. Bxe7 Kd7 41. Bf6+ Kc6 42. Rc1+ Rc4 43. Re1 Re4 44. Rxe4 dxe4 45. Re7 Kd5 46. Rxb7 e3 47. Kg2 Ke4 48. Kf1 Kf3 49. Rf7 Rc8 50. Bc3+ Ke4 51. Be1 Rh8 52. g6 Rg8 53. g7 Kd3 54. Rd7+ Ke4 55. Rxa7 1-0